00477nam a2200181 a 4500001001300000003000900013005001700022008004100039020001000080082001500090100001800105245003600123260004800159300000900207500003500216650002600251700001800277nice12345678IN_TiNIC20260116011832.0050524s1937 laha grp 000 0 urd  ac10000a232.1bBAK aBakhsh, J Ali aPeshengoiyan Masih Je Bare Nein aLahorebPunjab Religious Booksociety c1937 a192p aincludes index and biblioraphy aJesus Christ-Divinity1 aBakhsh, J Ali